Is this the USA or the UK - Statistics

General Stats
  • This quiz has been taken 214 times
  • The average score is 7 of 10
Answer Stats
Question Answer % Correct
Borders Canada USA
100%
Has a city named Portland USA
91%
Has a population of 66 million as of 2019 UK
83%
Borders the North Sea UK
83%
Has the Angel of the North in the country UK
70%
Has the northern most point USA
70%
Has a territory in South America UK
65%
Owns Bermuda UK
61%
calvin coolidge leaded the country USA
57%
Used to have the philippines in their controll USA
48%
No matching quizzes found
Score Distribution
Percent of People with Each Score
Percentile by Number Answered
Your Score History
You have not taken this quiz